00246nam a2200109Ia 4500008004100000100001200041245002300053260002400076650001400100942000700114999001500121190216s9999||||xx |||||||||||||| ||und|| aNambiar 0aVanijya Praveshika bShakthi Publication aEconomics cBK c9830d9830